| 000 | 00665nam a2200193Ia 4500 | ||
|---|---|---|---|
| 008 | 151119s9999||||xx |||||||||||||| ||und|| | ||
| 082 | _a320.954 | ||
| 082 | _bGKKV28761 | ||
| 100 | _aनलगे दिलीप | ||
| 245 | _aहिमालयाच्या सावलीत सह्याद्री | ||
| 260 | _a-- | ||
| 260 | _b-- | ||
| 260 | _c0 | ||
| 600 | _aनलगे दिलीप | ||
| 630 | _aहिमालयाच्या सावलीत सह्याद्री | ||
| 700 | _aनलगे दिलीप | ||
| 730 | _aहिमालयाच्या सावलीत सह्याद्री | ||
| 942 | _cBOOK | ||
| 999 |
_c1081140 _d1081137 |
||